Microsoft FrontPage 2002 : Langkah Demi Langkah

Bibliographic Details
Main Author: Iskandar Ab Rashid
Other Authors: Zaitun Ismail
Format: Book
Language:English
Published: Kuala Lumpur : Venton Publishing (M) Sdn. Bhd. , 2002
Series:Siri XP
Subjects:

MARC

LEADER 00000cam a2200000 7i4500
001 0000011337
005 20230726.0
008 030819 my eng
020 |a 9832031664 (pbk) 
040 |a INS 
090 0 0 |a TK5105.888   |b .I88 2002 
100 0 |a Iskandar Ab Rashid 
245 1 0 |a Microsoft FrontPage 2002 :   |b Langkah Demi Langkah   |c Iskandar Ab Rashid, Zaitun Ismail 
260 |a Kuala Lumpur :   |b Venton Publishing (M) Sdn. Bhd. ,   |c 2002 
300 |a iv, 273 p. :   |b ill. ;   |c 25 cm +.   |e 1 CD-ROM (4 3/4 in.) 
440 0 |a Siri XP 
650 0 |a FrontPage (Computer file) 
650 0 |a Web publishing 
650 0 |a Web site development 
650 0 |a Web sites   |x Design 
700 0 |a Zaitun Ismail 
999 |a 0000010141   |b BOOK   |c Open Shelf   |e Default branch 
999 |a 0000013563   |b BOOK   |c Open Shelf   |e Default branch